00277nam a2200121Ia 4500008004100000041001200041082001800053100001700071245002400088260001600112300000800128650001900136231217s9999 xx 000 0 und d aEnglish a793.73 BAR;2 aBarton, John 0aPractical quiz book c2001bJaico a128 aPractical,quiz